00780nam a22001937a 4500003001100000008004100011040003900052041000800091082001500099111005800114245017400172260005000346300001900396490002400415650003500439942000700474952009000481999001500571LK-CoMWRAF240229b |||||||| |||| 00| 0 eng d aLK-CoMWRAFdLK-CoMWRAFeLK-CoMWRAF aeng a305.4bSOU aSOUTH ASIAN CONFERENCEc(Colombod9-12 December 1999) aA review of the situation of women in South Asia in the context of the UN world conferences on human rights, social development, environment and population & development aColombo:bCentre for Women's Research, c2003 aUnnumbered pg. aDocument seriesv65 aFEMINISM-South Asia-Congresses cCP 00104070aMAINbMAINd2024-02-29l0o305.4 SOUpRAF5146r2024-02-29w2024-02-29yCP c4833d4833